| 000 | 00519nam a2200181Ia 4500 | ||
|---|---|---|---|
| 008 | 151018s9999 xx 000 0 und d | ||
| 082 |
_bRBASDV5628 _a891.463 |
||
| 100 | _aग ख पवार | ||
| 245 | _aफुलपांखरे | ||
| 250 | _b1 | ||
| 260 |
_bचंद्रिका प्रकाशन _c1937 |
||
| 300 | _a153 | ||
| 600 | _aग ख पवार | ||
| 630 | _aफुलपांखरे | ||
| 700 | _aग ख पवार | ||
| 730 | _aफुलपांखरे | ||
| 942 | _cBOOK | ||
| 999 |
_c1008010 _d1008007 |
||